Congreso cientifíco jeneral chileno de 1894
Պահպանված է:
| Ձևաչափ: | Գիրք |
|---|---|
| Լեզու: | իսպաներեն ֆրանսերեն |
| Հրապարակվել է: |
Santiago
Imprenta Cervantes
1895
|
| Խորագրեր: | |
| Ցուցիչներ: |
Ավելացրեք ցուցիչ
Չկան պիտակներ, Եղեք առաջինը, ով նշում է այս գրառումը!
|
MARC
| LEADER | 00000nam a2200000 a 4500 | ||
|---|---|---|---|
| 001 | UCH2814 | ||
| 003 | CL-VaPUC | ||
| 005 | 20220531074443.0 | ||
| 008 | 090702e18950000cl 1 spa d | ||
| 041 | 0 | 7 | |a spa |2 CL-VaPUC |
| 041 | 0 | 7 | |a fre |2 CL-VaPUC |
| 082 | 0 | 4 | |a 507.2983 |b CON |2 21 |
| 245 | 1 | 0 | |a Congreso cientifíco jeneral chileno de 1894 |
| 260 | |a Santiago |b Imprenta Cervantes |c 1895 | ||
| 300 | |a 263 p | ||
| 583 | |a last modification |c 20190908 06:56:43 |k Rodrigo Vera | ||
| 650 | 0 | 0 | |a Científicos |9 262025 |
| 650 | 0 | 0 | |a Congresos |9 257560 |
| 651 | 7 | |a CHILE |2 CL-VaPUC |9 621422 | |
| 942 | |c BK | ||
| 945 | |a rbrito |d 20090702 00:00:00 | ||
| 546 | |a En Español | ||
| 546 | |a En Francés | ||
| 536 | |a Congreso Científico | ||
| 518 | |p Congreso Científico Jeneral Chileno, 1, Santiago, mayo de 1894 | ||
| 999 | |c 384448 |d 384446 | ||
| 952 | |0 0 |1 0 |4 0 |6 507_298300000000000_CON_1895 |7 0 |8 X |9 507162 |a FDOBUD |b FDOBUD |d 2020-01-23 |i 4567986 |o 507.2983 CON 1895 |p 4567986 |r 2020-01-23 |w 2020-01-23 |y BK_X |k BUD | ||